|
|
|
|
| LEADER |
01940nam a2200505 a 4500 |
| 001 |
EBC3332378 |
| 003 |
MiAaPQ |
| 005 |
20200520144314.0 |
| 006 |
m o d | |
| 007 |
cr cn||||||||| |
| 008 |
910326s1990 onca sb 000 0 eng d |
| 010 |
|
|
|z 91133448
|
| 020 |
|
|
|z 0886291291 (casebound)
|
| 020 |
|
|
|z 0886291283 (pbk.)
|
| 020 |
|
|
|z 9780886291280
|
| 020 |
|
|
|a 9780773582385 (electronic bk.)
|
| 035 |
|
|
|a (MiAaPQ)EBC3332378
|
| 035 |
|
|
|a (Au-PeEL)EBL3332378
|
| 035 |
|
|
|a (CaPaEBR)ebr10577964
|
| 035 |
|
|
|a (CaONFJC)MIL384297
|
| 035 |
|
|
|a (OCoLC)923237206
|
| 040 |
|
|
|a MiAaPQ
|c MiAaPQ
|d MiAaPQ
|
| 043 |
|
|
|a u-at---
|a n-cn---
|
| 050 |
|
4 |
|a HC605
|b .I455 1990
|
| 082 |
0 |
4 |
|a 338.971
|2 20
|
| 245 |
0 |
0 |
|a Industrial transformation and challenge in Australia and Canada
|h [electronic resource] /
|c edited by Roger Hayter and Peter D. Wilde.
|
| 260 |
|
|
|a Ottawa, Canada :
|b Carleton University Press ;
|a Don Mills, Ont, Canada :
|b Distributed by Oxford University Press Canada,
|c 1990.
|
| 300 |
|
|
|a x, 340 p. :
|b ill.
|
| 490 |
1 |
|
|a Carleton library series ;
|v 164
|
| 504 |
|
|
|a Includes bibliographical references (p. 305-340).
|
| 533 |
|
|
|a Electronic reproduction. Ann Arbor, MI : ProQuest, 2015. Available via World Wide Web. Access may be limited to ProQuest affiliated libraries.
|
| 650 |
|
0 |
|a Natural resources
|z Australia.
|
| 650 |
|
0 |
|a Natural resources
|z Canada.
|
| 650 |
|
0 |
|a Industrial policy
|z Australia.
|
| 650 |
|
0 |
|a Industrial policy
|z Canada.
|
| 651 |
|
0 |
|a Australia
|x Economic conditions
|y 1945-
|
| 651 |
|
0 |
|a Canada
|x Economic conditions
|y 1945-
|
| 651 |
|
0 |
|a Australia
|x Commerce.
|
| 651 |
|
0 |
|a Canada
|x Commerce.
|
| 655 |
|
4 |
|a Electronic books.
|
| 700 |
1 |
|
|a Hayter, Roger,
|d 1947-
|
| 700 |
1 |
|
|a Wilde, Peter D.
|
| 710 |
2 |
|
|a ProQuest (Firm)
|
| 830 |
|
0 |
|a Carleton library series ;
|v 164.
|
| 856 |
4 |
0 |
|u https://ebookcentral.proquest.com/lib/matrademy/detail.action?docID=3332378
|z Click to View
|